| 000 | 00776nam a22001577a 4500 | ||
|---|---|---|---|
| 003 | OSt | ||
| 005 | 20160509105347.0 | ||
| 008 | 160509b xxu||||| |||| 00| 0 eng d | ||
| 040 | _cRUA | ||
| 082 | _aAGR CHA 2003 B470 Or.1 | ||
| 100 |
_98329 _aCHAN SYNAT; ចាន់ ស៊ីណាត |
||
| 245 | _aComparing fertilizer effected on bitter gourd in wet season 2002 at national school of agriculture, ការពិសោធន័ប្រៀបធៀបឥទ្ធិពលជីលើដំណាំម្រះក្នុងលក្ខខណ្ឌរដូវរំហើយឆ្នាំ២០០២ នៅសាលាជាតិកសិកម្មព្រែកលៀប | ||
| 260 |
_aPhnom penh _bRUA _c2003 |
||
| 300 |
_a41p. _bill. _c29cm. |
||
| 942 |
_2ddc _cAGR |
||
| 999 |
_c7981 _d7981 |
||